00851nac a22002417a 4500001001000000003000900010005001700019008003400036040005400070072001300124110008500137245010500222260003600327300001000363490010500373500002000478650002900498650001300527650002200540650001900562650001800581650001000599BR6003828BR-BrBNA20240105113100.0230509b bl.|||m| |||| 00| 0 por d aBR-BrBNAbporcBiblioteca Nacional de Agricultura aE30; C001 aAssociacao Nordestina de Credito e Assistencia Rural do Piaui, Teresina (Brasil)1 aPlano anual de trabalho 1973 [Associacao Nordestina de Credito e Assistencia Rural do Piaui; Brasil]3 aTerezina, PI (Brasil): c[nd].  a95 p. aPlano Anual de Trabalho - Associacao Nordestina de Credito e Assistencia Rural do Piaui (Brazil)vx aPublished 1973? aDesenvolvimento agricola aEducacao aAssistencia rural aExtensao rural aCredito rural aPiaui